A history of crustacea: recent malacostraca
Sparad:
| Huvudupphovsman: | |
|---|---|
| Materialtyp: | Bok |
| Språk: | engelska |
| Publicerad: |
Londres
Kegan Paul, Trench, Trübner
1893
|
| Ämnen: | |
| Taggar: |
Lägg till en tagg
Inga taggar, Lägg till första taggen!
|
MARC
| LEADER | 00000nam a2200000 a 4500 | ||
|---|---|---|---|
| 001 | UCK0460 | ||
| 003 | CL-VaPUC | ||
| 008 | 041008e18930000UK |||||||||||||||||eng|d | ||
| 082 | 0 | 4 | |a 595.3 |b STE |2 21 |
| 100 | 0 | |a Stebbing, Thomas R. R |e author |9 488425 | |
| 245 | 1 | 2 | |a A history of crustacea: recent malacostraca |
| 300 | |a 466 p | ||
| 942 | |c BK | ||
| 945 | |d 20041008 00:00:00 |a cmena | ||
| 260 | |a Londres |b Kegan Paul, Trench, Trübner |c 1893 | ||
| 650 | 0 | |a Crustáceos |9 259969 | |
| 650 | 7 | |a ESPECIES |2 CL-VaPUC |9 331928 | |
| 650 | 0 | |a Taxonomia |9 341054 | |
| 583 | |a last modification |c 20041008 00:00:00 |k Rodrigo Vera | ||
| 999 | |c 310897 |d 310895 | ||
| 952 | |0 0 |1 0 |4 0 |6 595_300000000000000_STE_1893 |7 0 |8 A |9 379940 |a BIBCUR |b BIBCUR |d 2019-11-21 |i 2121875 |l 1 |o 595.3 STE 1893 |p 2121875 |r 2025-04-22 |s 2022-10-11 |w 2019-11-21 |y BK |k BCB | ||